00281nam a2200097Ia 4500008004000000082001700040100001900057245005900076260003700135300001100172210210b1969 xxu||||| |||| 00| 0 eng d a342.029 AGAC aAGARWAL (R C). aConstitutional history of India and national movement. aDelhibS. Chand & Co. Ltd.c1969 axi,617